[Event "Pocos de Caldas op"]
[Site "Pocos de Caldas"]
[Date "2023.03.17"]
[Round "2"]
[White "Haraguchi, Matheus Sashaki"]
[Black "Ramos, Eduardo Pereira"]
[Result "1-0"]
[WhiteElo "1784"]
[BlackElo "1289"]
[PlyCount "87"]
[EventDate "2023.03.17"]
[EventType "swiss"]
[EventRounds "6"]
[EventCountry "BRA"]
[SourceTitle "EXT 2024"]
[Source "ChessBase"]
[SourceDate "2023.10.10"]
[SourceVersion "1"]
[SourceVersionDate "2023.10.10"]
[SourceQuality "1"]

1. c4 c6 2. g3 Nf6 3. Bg2 d5 4. Nf3 e6 5. b3 Bd6 6. Bb2 Nbd7 7. 0-0 0-0 8. d4 Re8 9. Nbd2 e5 10. Nxe5 Nxe5 11. dxe5 Bxe5 12. Bxe5 Rxe5 13. Nf3 Rh5 14. cxd5 Rxd5 15. Qc1 Rh5 16. Rd1 Qe7 17. Rd4 Bh3 18. Qd2 Bxg2 19. Kxg2 Rd5 20. Rxd5 Nxd5 21. Rd1 Rd8 22. Qd3 Nf4+ 23. gxf4 Rxd3 24. Rxd3 f6 25. Rd2 a5 26. Kf1 c5 27. e3 b5 28. Ke2 Kf7 29. Rc2 h6 30. h4 h5 31. Ne1 g5 32. fxg5 fxg5 33. hxg5 Qxg5 34. Nd3 Qg4+ 35. f3 Qg2+ 36. Nf2 h4 37. Rxc5 h3 38. Rxb5 h2 39. Rh5 Qg1 40. Rxa5 h1Q 41. Nxh1 Qxh1 42. Ra4 Qg2+ 43. Kd3 Qxf3 44. Rf4+ 1-0

[Event "Pocos de Caldas op"]
[Site "Pocos de Caldas"]
[Date "2022.03.13"]
[Round "5"]
[White "Gazineu Neto, Rubens"]
[Black "Haraguchi, Matheus Sashaki"]
[Result "0-1"]
[WhiteElo "1918"]
[BlackElo "1746"]
[PlyCount "94"]
[EventDate "2022.03.11"]
[EventType "swiss"]
[EventRounds "6"]
[EventCountry "BRA"]
[SourceTitle "CBM 207 Extra"]
[Source "ChessBase"]
[SourceDate "2022.05.31"]
[SourceVersion "1"]
[SourceVersionDate "2022.05.31"]
[SourceQuality "1"]

1. e4 c5 2. Nf3 e6 3. d4 cxd4 4. Nxd4 Nc6 5. Nb5 a6 6. Nd6+ Bxd6 7. Qxd6 Nf6 8. Nc3 Qe7 9. Qxe7+ Kxe7 10. Bg5 d6 11. 0-0-0 h6 12. Bh4 g5 13. Bg3 e5 14. Bc4 Be6 15. Nd5+ Bxd5 16. exd5 b5 17. Bb3 Nd4 18. Rhe1 Nxb3+ 19. axb3 Nh5 20. f3 Nf4 21. Rd2 Rac8 22. Bxf4 gxf4 23. Re4 f5 24. Ree2 Rhg8 25. c3 Rc5 26. Kd1 a5 27. Kc2 Kf6 28. Re1 b4 29. c4 h5 30. Ree2 h4 31. h3 Rgc8 32. Rd1 Ra8 33. Rc1 Rg8 34. Kb1 Rg3 35. Ka2 Ke7 36. Kb1 Kd7 37. Kc2 Kc7 38. Ra1 Kb6 39. Ra4 Rc7 40. Ra1 Rcg7 41. c5+ Kxc5 42. Rxa5+ Kb6 43. Ra4 Kb5 44. Ra8 Rxg2 45. Kd3 Rxe2 46. Kxe2 Rg2+ 47. Kf1 Rxb2 0-1

[Event "Florianopolis op 8th"]
[Site "Florianopolis"]
[Date "2022.01.27"]
[Round "5"]
[White "Haraguchi, Matheus Sashaki"]
[Black "Ribeiro, Regina"]
[Result "1/2-1/2"]
[WhiteElo "1677"]
[BlackElo "1908"]
[PlyCount "78"]
[EventDate "2022.01.24"]
[EventType "swiss"]
[EventRounds "10"]
[EventCountry "BRA"]
[SourceTitle "CBM 206 Extra"]
[Source "ChessBase"]
[SourceDate "2022.03.31"]
[SourceVersion "1"]
[SourceVersionDate "2022.03.31"]
[SourceQuality "1"]

1. c4 Nf6 2. g3 g6 3. Bg2 Bg7 4. Nc3 0-0 5. e4 d6 6. Nge2 e5 7. 0-0 Be6 8. d3 c6 9. h3 d5 10. exd5 cxd5 11. Qb3 dxc4 12. dxc4 Nbd7 13. Qxb7 Rb8 14. Qxa7 Bxc4 15. b3 Bd3 16. Qe3 e4 17. Bb2 Qe7 18. Rad1 Rfd8 19. Rfe1 Ba6 20. Nf4 Bb7 21. Nb5 g5 22. Ne2 Nd5 23. Qc1 Rdc8 24. Qb1 Bxb2 25. Qxb2 Nb4 26. Nec3 Nc5 27. Nd6 Ncd3 28. Nxc8 Rxc8 29. Qd2 Nxe1 30. Rxe1 f5 31. a3 Rd8 32. Qe2 Ba6 33. Qh5 Nc2 34. Rc1 Rd2 35. Rd1 Rxd1+ 36. Qxd1 Bd3 37. Bf1 Qxa3 38. Bxd3 exd3 39. Qxd3 Qxb3 1/2-1/2

[Event "Florianopolis op 8th"]
[Site "Florianopolis"]
[Date "2022.01.26"]
[Round "4"]
[White "Barbosa, Flavio Novais"]
[Black "Haraguchi, Matheus Sashaki"]
[Result "1/2-1/2"]
[WhiteElo "1868"]
[BlackElo "1677"]
[PlyCount "59"]
[EventDate "2022.01.24"]
[EventType "swiss"]
[EventRounds "10"]
[EventCountry "BRA"]
[SourceTitle "EXT 2023"]
[Source "ChessBase"]
[SourceDate "2022.10.05"]
[SourceVersion "1"]
[SourceVersionDate "2022.10.05"]
[SourceQuality "1"]

1. d4 d5 2. c4 e6 3. Nf3 Nf6 4. g3 Be7 5. Bg2 0-0 6. 0-0 b6 7. cxd5 exd5 8. Nc3 Bb7 9. Bf4 c6 10. Qc2 Re8 11. Rac1 Nh5 12. Bd2 Na6 13. Ne5 c5 14. e3 Nb4 15. Qf5 Nf6 16. a3 Nc6 17. Nxd5 Nxe5 18. Nxf6+ Bxf6 19. Bxb7 Rb8 20. Bg2 cxd4 21. exd4 Qxd4 22. Bc3 Qd7 23. Qb1 Qd3 24. Qa2 Rbd8 25. Qb3 Nf3+ 26. Bxf3 Qxf3 27. Qa4 Re7 28. Qc4 h6 29. Rc2 Red7 30. Bxf6 1/2-1/2

[Event "Sao Jose dos Campos op"]
[Site "Sao Jose dos Campos"]
[Date "2021.10.12"]
[Round "7"]
[White "Haraguchi, Matheus Sashaki"]
[Black "Pironti, Francisco Ferrari"]
[Result "1/2-1/2"]
[WhiteElo "1671"]
[BlackElo "1499"]
[PlyCount "76"]
[EventDate "2021.10.09"]
[EventType "swiss"]
[EventRounds "7"]
[EventCountry "BRA"]
[SourceTitle "CBM 204 Extra"]
[Source "ChessBase"]
[SourceDate "2021.11.30"]
[SourceVersion "1"]
[SourceVersionDate "2021.11.30"]
[SourceQuality "1"]

1. c4 c5 2. g3 Nc6 3. Bg2 e5 4. Nc3 g6 5. d3 Bg7 6. e4 Nge7 7. Nge2 0-0 8. 0-0 d6 9. h3 h6 10. Be3 Be6 11. Rb1 Qd7 12. Kh2 f5 13. f4 Nd4 14. b3 a6 15. Qd2 Kh7 16. Ng1 Nec6 17. Nd5 Rab8 18. Nf3 b5 19. Bxd4 exd4 20. Nh4 Ne7 21. Rbe1 Rbe8 22. Re2 fxe4 23. dxe4 Bxd5 24. exd5 Nf5 25. Be4 Nxh4 26. gxh4 Rf6 27. h5 Rxe4 28. Rxe4 bxc4 29. bxc4 g5 30. Qd3 Qf5 31. Qf3 gxf4 32. Re2 Rf7 33. Qe4 Be5 34. Rf3 Kh8 35. Qxf5 Rxf5 36. Rb2 Rxh5 37. Rb7 Rg5 38. Kh1 Rh5 1/2-1/2

[Event "Sao Jose dos Campos op"]
[Site "Sao Jose dos Campos"]
[Date "2021.10.09"]
[Round "2"]
[White "De Sousa, Elizeu Santiago Tav"]
[Black "Haraguchi, Matheus Sashaki"]
[Result "1/2-1/2"]
[WhiteElo "1385"]
[BlackElo "1671"]
[PlyCount "80"]
[EventDate "2021.10.09"]
[EventType "swiss"]
[EventRounds "7"]
[EventCountry "BRA"]
[SourceTitle "CBM 204 Extra"]
[Source "ChessBase"]
[SourceDate "2021.11.30"]
[SourceVersion "1"]
[SourceVersionDate "2021.11.30"]
[SourceQuality "1"]

1. e4 c5 2. Nc3 e6 3. g3 d5 4. exd5 exd5 5. d3 Nf6 6. Bg2 Be7 7. Nf3 0-0 8. 0-0 Nc6 9. Re1 Bg4 10. Bd2 Re8 11. Qc1 Rc8 12. a4 a6 13. Ne2 Bd6 14. Nf4 d4 15. h3 Be6 16. Nxe6 Rxe6 17. Rxe6 fxe6 18. Ng5 Qe7 19. Qe1 Re8 20. Qe2 h6 21. Ne4 e5 22. Nxf6+ Qxf6 23. Qg4 Rf8 24. Rf1 Qf5 25. Qe2 Kh8 26. h4 Qf6 27. Be4 Nd8 28. Qg4 Qf7 29. a5 Nc6 30. f4 h5 31. Qf3 Nd8 32. b3 Bc7 33. f5 Nc6 34. Bxc6 bxc6 35. Qxc6 g6 36. Qxa6 gxf5 37. Qh6+ Kg8 38. Qg5+ Kh7 39. Qh6+ Kg8 40. Qg5+ Kh7 1/2-1/2

[Event "Araruama op 1st"]
[Site "Araruama"]
[Date "2021.06.05"]
[Round "4"]
[White "Haraguchi, Matheus Sashaki"]
[Black "Rabello, Gabriel Urubatan Fr"]
[Result "1-0"]
[WhiteElo "1677"]
[BlackElo "1792"]
[PlyCount "64"]
[EventDate "2021.06.02"]
[EventType "tourn"]
[EventRounds "6"]
[EventCountry "BRA"]
[SourceTitle "CBM 203 Extra"]
[Source "ChessBase"]
[SourceDate "2021.09.30"]
[SourceVersion "1"]
[SourceVersionDate "2021.09.30"]
[SourceQuality "1"]

1. c4 c5 2. g3 g6 3. Bg2 Bg7 4. Nc3 Nc6 5. d3 e6 6. e4 Nge7 7. Nge2 0-0 8. 0-0 b6 9. f4 Bb7 10. a3 Nd4 11. Be3 d5 12. e5 Nef5 13. Bf2 h5 14. h3 Qd7 15. g4 hxg4 16. hxg4 Nxe2+ 17. Qxe2 Nd4 18. Bxd4 cxd4 19. Nb5 dxc4 20. dxc4 d3 21. Qd2 Bxg2 22. Qxg2 f6 23. Qe4 fxe5 24. fxe5 Rxf1+ 25. Rxf1 d2 26. Qxa8+ Kh7 27. Qf3 Qc8 28. Nd6 Qc5+ 29. Kg2 Qxe5 30. Rh1+ Bh6 31. Rxh6+ Kg7 32. Qb7+ Kf6 1-0

[Event "Araruama op 1st"]
[Site "Araruama"]
[Date "2021.06.02"]
[Round "1"]
[White "Limp, Eduardo Thelio"]
[Black "Haraguchi, Matheus Sashaki"]
[Result "1-0"]
[WhiteElo "2364"]
[BlackElo "1677"]
[PlyCount "77"]
[EventDate "2021.06.02"]
[EventType "tourn"]
[EventRounds "6"]
[EventCountry "BRA"]
[SourceTitle "CBM 203 Extra"]
[Source "ChessBase"]
[SourceDate "2021.09.30"]
[SourceVersion "1"]
[SourceVersionDate "2021.09.30"]
[SourceQuality "1"]

1. d4 d5 2. Nf3 Nf6 3. c4 e6 4. Nc3 Be7 5. Bg5 0-0 6. e3 c6 7. Bd3 dxc4 8. Bxc4 b5 9. Bd3 Nd5 10. Bxe7 Qxe7 11. Rc1 Nd7 12. Nxd5 cxd5 13. 0-0 a6 14. Rc7 f5 15. Qd2 Qd8 16. Rfc1 Nb6 17. Qb4 Rf7 18. Rxf7 Kxf7 19. Ne5+ Kf6 20. Qa5 Rb8 21. b3 Bd7 22. f4 Be8 23. Qe1 g6 24. Qh4+ Kg7 25. Qxd8 Rxd8 26. Rc7+ Kg8 27. Ra7 Ra8 28. Re7 Kf8 29. Rxe6 Rb8 30. h3 a5 31. g4 fxg4 32. hxg4 Nc8 33. Ra6 a4 34. f5 gxf5 35. gxf5 axb3 36. axb3 Ne7 37. f6 Ng6 38. Bxg6 hxg6 39. f7 1-0

[Event "Sao Jose dos Campos IRT op"]
[Site "Sao Jose dos Campos"]
[Date "2020.12.20"]
[Round "4"]
[White "Haraguchi, Matheus Sashaki"]
[Black "De Sousa E Silva, Luis Gonzaga"]
[Result "1-0"]
[WhiteElo "1690"]
[BlackElo "1269"]
[PlyCount "69"]
[EventDate "2020.12.18"]
[EventType "swiss"]
[EventRounds "5"]
[EventCountry "BRA"]
[SourceTitle "EXT 2022"]
[Source "ChessBase"]
[SourceDate "2021.10.06"]
[SourceVersion "1"]
[SourceVersionDate "2021.10.06"]
[SourceQuality "1"]

1. c4 Nf6 2. g3 g6 3. Bg2 Bg7 4. Nc3 0-0 5. e4 d6 6. Nge2 Nbd7 7. 0-0 e5 8. d3 c6 9. h3 Nb6 10. f4 Re8 11. Kh2 Rb8 12. Be3 a6 13. Rb1 d5 14. cxd5 cxd5 15. Bxb6 Qxb6 16. exd5 Qd6 17. Ne4 Qb6 18. N2c3 Qd4 19. Nxf6+ Bxf6 20. Ne4 Bg7 21. Qb3 b5 22. Qc2 Bb7 23. Nd6 Re7 24. Nxb7 Rexb7 25. f5 f6 26. Rbc1 Bh6 27. Rce1 Rb6 28. Be4 g5 29. Qb3 Rd6 30. Rc1 Bf8 31. Rc7 Rbd8 32. Rg1 Bh6 33. Rg2 Qb6 34. Rc6 Kh8 35. Rxb6 1-0

[Event "Taubate op"]
[Site "Taubate"]
[Date "2020.11.02"]
[Round "5"]
[White "Guimaraes, Wagner Peixoto"]
[Black "Haraguchi, Matheus Sashaki"]
[Result "1-0"]
[WhiteElo "2218"]
[BlackElo "1652"]
[PlyCount "47"]
[EventDate "2020.10.31"]
[EventType "swiss"]
[EventRounds "6"]
[EventCountry "BRA"]
[SourceTitle "CBM 199 Extra"]
[Source "ChessBase"]
[SourceDate "2021.01.31"]
[SourceVersion "1"]
[SourceVersionDate "2021.01.31"]
[SourceQuality "1"]

1. e4 e6 2. b3 d5 3. Bb2 Nf6 4. e5 Nfd7 5. c4 dxc4 6. Bxc4 c5 7. Nf3 Nc6 8. 0-0 g6 9. d4 Nb6 10. Bb5 Bd7 11. dxc5 Bxc5 12. Nc3 Be7 13. Ne4 0-0 14. Qd2 Nxe5 15. Bxe5 Bxb5 16. Qh6 f6 17. Neg5 Rf7 18. Nxf7 Kxf7 19. Qxh7+ Kf8 20. Rfd1 Nd5 21. Bd4 Be2 22. Re1 Nf4 23. Qh6+ Kf7 24. Qxf4 1-0

[Event "Sao Paulo Carnaval op"]
[Site "Sao Paulo"]
[Date "2020.02.23"]
[Round "4"]
[White "Toledo, Ana Beatriz dos Rei"]
[Black "Haraguchi, Matheus Sashaki"]
[Result "1/2-1/2"]
[WhiteElo "1431"]
[BlackElo "1664"]
[PlyCount "77"]
[EventDate "2020.02.22"]
[EventType "swiss"]
[EventRounds "7"]
[EventCountry "BRA"]
[SourceTitle "CBM 195 Extra"]
[Source "ChessBase"]
[SourceDate "2020.05.31"]
[SourceVersion "1"]
[SourceVersionDate "2020.05.31"]
[SourceQuality "1"]

1. d4 d5 2. c4 e6 3. Nc3 Nf6 4. Nf3 Be7 5. e3 0-0 6. Be2 b6 7. 0-0 Bb7 8. Bd2 Nbd7 9. cxd5 exd5 10. Rc1 Rc8 11. a3 c5 12. b4 cxb4 13. axb4 Bxb4 14. Qb3 a5 15. Na4 Bxd2 16. Nxd2 Bc6 17. Ba6 Bxa4 18. Qxa4 Rxc1 19. Rxc1 Nb8 20. Rc8 Qd6 21. Rxf8+ Kxf8 22. Bd3 Nc6 23. Nb1 Nb4 24. Qa3 Ke7 25. Bb5 Ne4 26. Ba4 Qc7 27. f3 Nd6 28. Nc3 Qc4 29. Qb3 Qxb3 30. Bxb3 Nf5 31. Kf2 Kd6 32. Ke2 Kc6 33. Ba4+ Kb7 34. g4 Nd6 35. e4 dxe4 36. fxe4 f6 37. h4 Nc6 38. Kd3 Nb4+ 39. Ke2 1/2-1/2

[Event "Sao Paulo Hebraica op 27th"]
[Site "Sao Paulo"]
[Date "2020.01.11"]
[Round "4"]
[White "Da Cunha, Gabriela Goes"]
[Black "Haraguchi, Matheus Sashaki"]
[Result "1/2-1/2"]
[WhiteElo "1437"]
[BlackElo "1711"]
[PlyCount "91"]
[EventDate "2020.01.10"]
[EventType "swiss"]
[EventRounds "6"]
[EventCountry "BRA"]
[SourceTitle "CBM 194 Extra"]
[Source "ChessBase"]
[SourceDate "2020.03.31"]
[SourceVersion "1"]
[SourceVersionDate "2020.03.31"]
[SourceQuality "1"]

1. e4 e6 2. d4 d5 3. exd5 exd5 4. Bd3 Nf6 5. h3 Bd6 6. Qf3 0-0 7. Ne2 b6 8. 0-0 Bb7 9. Bf4 c5 10. c3 Re8 11. Nd2 Nc6 12. Rfe1 Qc7 13. Bg5 Nd7 14. a3 c4 15. Bc2 Nd8 16. Nf4 Ne6 17. Nxe6 fxe6 18. Qh5 Nf8 19. Re2 Qf7 20. Qxf7+ Kxf7 21. Nf3 Ng6 22. Rae1 Bc6 23. g3 Bd7 24. Kg2 b5 25. h4 h6 26. h5 Nf8 27. Bh4 a5 28. Ne5+ Bxe5 29. Rxe5 b4 30. R1e3 bxa3 31. bxa3 Rab8 32. Rf3+ Kg8 33. Bg6 Nxg6 34. hxg6 Rf8 35. Be7 Rxf3 36. Kxf3 Rb6 37. Bc5 Ra6 38. Kg4 Ra8 39. Re3 e5+ 40. Kh5 e4 41. f3 Rb8 42. fxe4 Rb1 43. Be7 Rh1+ 44. Bh4 Rf1 45. Bd8 Rh1+ 46. Bh4 1/2-1/2

[Event "Sao Paulo Schutt Cup"]
[Site "Sao Paulo"]
[Date "2019.09.13"]
[Round "2"]
[White "Haraguchi, Matheus Sashaki"]
[Black "Lima, Vinicius Taishun"]
[Result "1/2-1/2"]
[WhiteElo "1643"]
[BlackElo "1787"]
[PlyCount "136"]
[EventDate "2019.09.13"]
[EventType "swiss"]
[EventRounds "6"]
[EventCountry "BRA"]
[SourceTitle "EXT 2020"]
[Source "ChessBase"]
[SourceDate "2019.10.17"]
[SourceVersion "1"]
[SourceVersionDate "2019.10.17"]
[SourceQuality "1"]

1. c4 e6 2. g3 d5 3. Bg2 Nf6 4. Nf3 c6 5. b3 Nbd7 6. d4 Bd6 7. Bb2 0-0 8. 0-0 Ne4 9. Nbd2 f5 10. Ne5 Nxe5 11. dxe5 Bc5 12. Rc1 Qb6 13. e3 Bd7 14. Bxe4 fxe4 15. Nxe4 dxe4 16. Qxd7 Bxe3 17. Qxe6+ Kh8 18. fxe3 Qxe3+ 19. Kh1 Qe2 20. Rf5 Qxb2 21. Rcf1 Rg8 22. R5f2 Qd4 23. Qd6 Rad8 24. Qxd4 Rxd4 25. Re1 Re8 26. Rf4 Kg8 27. Rfxe4 Rxe4 28. Rxe4 Kf7 29. Kg2 g5 30. Kf3 h5 31. h4 Kg6 32. hxg5 Kxg5 33. e6 Re7 34. Re5+ Kf6 35. Kf4 Kg6 36. b4 Kf6 37. Rxh5 Rg7 38. Rh6+ Ke7 39. g4 b6 40. Kf5 b5 41. cxb5 cxb5 42. g5 a6 43. a3 Rg8 44. Rh7+ Ke8 45. Ra7 Rf8+ 46. Ke5 Rf1 47. Rxa6 Re1+ 48. Kf6 Rf1+ 49. Kg6 Ke7 50. Rb6 Ra1 51. Rxb5 Rxa3 52. Re5 Ra7 53. Kf5 Ra1 54. Re4 Rf1+ 55. Kg6 Rg1 56. b5 Rb1 57. Re5 Rb2 58. Kg7 Rb1 59. g6 Rb2 60. Kh6 Rh2+ 61. Rh5 Rg2 62. g7 Kf6 63. b6 Rg6+ 64. Kh7 Rxg7+ 65. Kh8 Rb7 66. e7 Rb8+ 67. Kh7 Kxe7 68. Kg7 Rxb6 1/2-1/2

[Event "Sao Paulo Karman Cup"]
[Site "Sao Paulo"]
[Date "2019.08.18"]
[Round "5"]
[White "Haraguchi, Matheus Sashaki"]
[Black "Casarin, Luis Marcio Pinhatt"]
[Result "0-1"]
[WhiteElo "1603"]
[BlackElo "1847"]
[PlyCount "90"]
[EventDate "2019.08.16"]
[EventType "swiss"]
[EventRounds "6"]
[EventCountry "BRA"]
[SourceTitle "EXT 2021"]
[Source "ChessBase"]
[SourceDate "2020.10.23"]
[SourceVersion "1"]
[SourceVersionDate "2020.10.23"]
[SourceQuality "1"]

1. c4 Nf6 2. g3 e6 3. Bg2 c5 4. Nf3 Nc6 5. 0-0 d5 6. b3 Be7 7. Bb2 0-0 8. a3 dxc4 9. bxc4 Qc7 10. Qc2 b6 11. Ng5 g6 12. Qc3 Nd4 13. Re1 Bb7 14. e3 Nf5 15. Ne4 Bxe4 16. Bxe4 Rad8 17. g4 Ng7 18. g5 Nfe8 19. f4 f6 20. h4 fxg5 21. hxg5 Bxg5 22. Re2 Bf6 23. Qc2 Bxb2 24. Qxb2 Nd6 25. Qe5 Rf7 26. Nc3 Nxc4 27. Qg5 Rxd2 28. Rxd2 Nxd2 29. Rd1 Rd7 30. Qg2 Nxe4 31. Qxe4 Rxd1+ 32. Nxd1 Qd7 33. Nf2 Qd5 34. Qa4 a5 35. Qb5 Qd8 36. Kg2 Nf5 37. Kf3 Qd5+ 38. e4 Nd4+ 39. Ke3 Qxe4+ 40. Nxe4 Nxb5 41. a4 Nc7 42. Kd3 h5 43. Ng5 Kg7 44. Ke4 Kf6 45. Nf3 Nd5 0-1

[Event "Jacarei op 2nd"]
[Site "Jacarei"]
[Date "2019.07.28"]
[Round "5"]
[White "Haraguchi, Matheus Sashaki"]
[Black "Seccafim, Caic Dos Santos"]
[Result "1/2-1/2"]
[WhiteElo "1555"]
[BlackElo "1833"]
[PlyCount "76"]
[EventDate "2019.07.26"]
[EventType "swiss"]
[EventRounds "6"]
[EventCountry "BRA"]
[SourceTitle "CBM 191 Extra"]
[Source "ChessBase"]
[SourceDate "2019.09.30"]
[SourceVersion "1"]
[SourceVersionDate "2019.09.30"]
[SourceQuality "1"]

1. c4 e6 2. g3 d5 3. Bg2 c6 4. Qc2 f5 5. Nf3 Nf6 6. 0-0 Bd6 7. d4 0-0 8. e3 Nbd7 9. b3 Qe7 10. Bb2 Ne4 11. Nc3 Ndf6 12. Nxe4 Nxe4 13. Nd2 Qg5 14. f4 Qh6 15. Nxe4 fxe4 16. Rf2 Bd7 17. Bf1 Rf6 18. Be2 Raf8 19. c5 Be7 20. b4 Be8 21. Bc3 g5 22. Bd2 Bg6 23. Qb2 R6f7 24. a4 Qg7 25. b5 Bf6 26. Raf1 h5 27. Qc3 Bd8 28. Qb2 h4 29. Bg4 Bf5 30. Bxf5 exf5 31. gxh4 g4 32. Rg2 Qh6 33. Be1 Bxh4 34. Bxh4 Qxh4 35. Qf2 Qh6 36. Rg3 Rg7 37. Qg2 Rf6 38. b6 axb6 1/2-1/2